El hombre sin presente

Wedi'i Gadw mewn:
Manylion Llyfryddiaeth
Prif Awdur: Bernard, Denis F (Awdur)
Fformat: Llyfr
Iaith:Sbaeneg
Cyhoeddwyd: Buenos Aires Ed. Sudamericana 1959
Cyfres:Colección horizonte
Pynciau:
Tagiau: Ychwanegu Tag
Dim Tagiau, Byddwch y cyntaf i dagio'r cofnod hwn!

MARC

LEADER 00000nam a2200000 a 4500
001 UCX2774
003 CL-VaPUC
008 910809e19590000AG |||||||||||||||||spa|d
082 0 4 |a A833  |b BER  |2 21 
100 0 |a Bernard, Denis F  |e author  |9 318859 
245 1 3 |a El hombre sin presente 
300 |a 357 p 
942 |c BK 
945 |d 19910809 00:00:00 
260 |a Buenos Aires  |b Ed. Sudamericana  |c 1959 
650 0 |a Novelas austriacas  |9 269443 
583 |a last modification  |c 19910809 00:00:00  |k Rodrigo Vera 
490 0 |a Colección horizonte 
999 |c 223722  |d 223720 
952 |0 0  |1 0  |4 0  |6 A_833_000000000000000_BER_1959  |7 0  |8 A  |9 219773  |a BIBEDU  |b BIBEDU  |d 2019-11-15  |i 288464K  |o A833 BER 1959  |p 288464K  |r 2019-11-15  |w 2019-11-15  |y BK  |k LIT